000 00431nam a2200181 a 4500
001 1761206691579
003 YourLibrary
005 20251023133622.0
008 251023s1980##################000#0#eng##
020 _a9783768212663
082 0 4 _a588
_bKRA
245 1 0 _aBryophytorum Bibliotheca :
260 _c1980.
300 _a232 pages
650 0 _aBryology.
942 _cENGLISH
040 _aYourLibrary
_beng
_cYourLibrary
999 _c592913
_d592913